[Event "Bern op"]
[Site "Bern"]
[Date "1989.??.??"]
[Round "?"]
[White "Gallagher, Joseph G"]
[Black "Damljanovic, Branko"]
[Result "1-0"]
[WhiteElo "2405"]
[BlackElo "2530"]

1.e4 c5 2.Nf3 e6 3.d4 cxd4 4.Nxd4 Nc6 5.Nc3 Qc7 6.Be2 a6 7.O-O Nf6 8.Be3 Be7
9.f4 d6 10.Qe1 O-O 11.Rd1 Bd7 12.Qg3 Kh8 13.Nf3 Rae8 14.e5 Ng8 15.exd6 Bxd6
16.Ne4 Be7 17.Ne5 Bc8 18.Nc4 b5 19.Ncd6 Rd8 20.f5 e5 21.Nxc8 Qxc8 22.c3 Nf6
23.Nxf6 Bxf6 24.Qf3 Na5 25.Rxd8 Qxd8 26.Bc5 Re8 27.Rd1 Qc8 28.b4 e4 29.Qh5 Kg8
30.Bd4 Bxd4+ 31.cxd4 Nc4 32.f6 Qe6 33.Rf1 gxf6 34.Bg4 Qd6 35.Bf5 Qxd4+ 36.Kh1 e3
37.Qh6 Nd6 38.Bxh7+ Kh8 39.Bd3+ Kg8 40.Bh7+ Kh8 41.Rc1 e2 42.Bf5+ Kg8 43.Qh7+ Kf8
44.Qh8+  1-0

[Event "Bern"]
[Site "Bern"]
[Date "1989.??.??"]
[Round "?"]
[White "Gobet, Fernand"]
[Black "Cebalo, Miso"]
[Result "1/2-1/2"]
[WhiteElo "2415"]
[BlackElo "2505"]

1.e4 c5 2.Nf3 e6 3.d4 cxd4 4.Nxd4 Nc6 5.Nc3 d6 6.g3 Nf6 7.Bg2 Bd7 8.O-O Be7
9.Re1 O-O 10.Nxc6 Bxc6 11.a4 a6 12.Be3 Nd7 13.a5 b5 14.axb6 Nxb6 15.Qd4 Nd7
16.Ra2 Qc7 17.Rd1 Bb7 18.Qa4 Rfc8 19.Qa5 Ne5 20.Qxc7 Rxc7 21.Bb6 Rcc8 22.Be3 g5
23.f4 gxf4 24.gxf4 Ng4 25.Bc1 d5 26.Bf3 Bc5+ 27.Kg2 Nf2 28.Re1 Kh8 29.h3 Rg8+
30.Kh2 d4 31.Nd1 Nxd1 32.Rxd1 f5 33.Re1 Bb4 34.c3 dxc3 35.bxc3 Bxc3 36.Re3 Bd4
37.Bb2 Bxb2 38.Rxb2 Ra7 39.exf5 Bxf3 40.Rxf3 exf5 41.Ra3 Rg6 42.Ra5 Rf6 43.Rg2 h6
44.Rg1 Kh7 45.Rg2 Rb7 46.Rga2 Rbb6 47.Kg3 Kg6 48.Kh4 Kf7 49.Kh5 Ke7 50.h4 Kd7
51.Rxa6 Rxa6 52.Rxa6 Rxa6  1/2-1/2

[Event "Bern"]
[Site "Bern"]
[Date "1989.??.??"]
[Round "?"]
[White "Campora, Daniel H"]
[Black "Gobet, Fernand"]
[Result "1-0"]
[WhiteElo "2500"]
[BlackElo "2415"]

1.e4 c5 2.Nf3 e6 3.d4 cxd4 4.Nxd4 Nc6 5.Nc3 Qc7 6.g3 a6 7.Bg2 Nf6 8.O-O h6
9.Re1 Nxd4 10.Qxd4 Bc5 11.Qd3 d6 12.h3 e5 13.Be3 Be6 14.Rad1 Rd8 15.Nd5 Bxd5
16.exd5 Bxe3 17.Rxe3 O-O 18.c4 Rc8 19.Rc1 Qc5 20.Qd2 b5 21.b4 Qd4 22.Rd3 Qb6
23.Rdc3 Qd4 24.Qc2 Rxc4 25.Rxc4 bxc4 26.Qxc4 Qd2 27.a3 e4 28.Rc2 Qd1+ 29.Kh2 Re8
30.Re2 e3 31.Rxe3 Rxe3 32.fxe3 Qa4 33.Qc6 Qxa3 34.Qxd6 Qxe3 35.Qxa6 h5 36.Qc4 g5
37.Qc8+ Kg7 38.Qf5 h4 39.gxh4 gxh4 40.b5 Qg3+ 41.Kg1 Qe3+ 42.Qf2 Qc1+ 43.Bf1 Nd7
44.Qd4+ f6 45.Qg4+ Kf8 46.Qxd7 Qe3+ 47.Kg2 Qe4+ 48.Kf2 Qf4+ 49.Ke2 Qe4+ 50.Kd2 Qd4+
51.Bd3 Qb2+ 52.Kd1 Qb3+ 53.Ke2  1-0

[Event "Bern op"]
[Site "Bern"]
[Date "1989.??.??"]
[Round "?"]
[White "Gast, Jonathan"]
[Black "Simon, Ralf Axel"]
[Result "1-0"]
[WhiteElo "2305"]
[BlackElo "2320"]

1.e4 c5 2.Nf3 e6 3.d4 cxd4 4.Nxd4 Nc6 5.Nc3 a6 6.Nxc6 bxc6 7.Bd3 d6 8.O-O Nf6
9.Na4 Be7 10.c4 O-O 11.Be3 Nd7 12.Rc1 c5 13.f4 Qc7 14.Rc2 Nb8 15.Qh5 Bf6
16.e5 g6 17.Qf3 Bd7 18.exd6 Qxd6 19.Nxc5 Bc6 20.Be4 Bg7 21.Rd2 Qc7 22.Rfd1 Rc8
23.b3 Bf8 24.Na4 Re8 25.Nb6 Ra7 26.Bxc6 Qxc6 27.Qxc6 Nxc6 28.Nd7 Bb4 29.Bxa7 Bxd2
30.Nf6+ Kf8 31.Bc5+ Re7 32.Rxd2  1-0

[Event "Biel"]
[Site "Biel"]
[Date "1989.??.??"]
[Round "?"]
[White "Hellers, Ferdinand"]
[Black "Polugaevsky, Lev"]
[Result "1/2-1/2"]
[WhiteElo "2560"]
[BlackElo "2595"]

1.e4 c5 2.Nf3 Nc6 3.d4 cxd4 4.Nxd4 e6 5.Nc3 a6 6.g3 d6 7.Bg2 Bd7 8.O-O Nf6
9.a4 Be7 10.Nb3 O-O 11.f4 Rb8 12.Qe2 Na5 13.Nxa5 Qxa5 14.Bd2 Qc7 15.Be3 Bc6
16.a5 Nd7 17.Rfd1 Rbc8 18.Qd2 Rfe8 19.Bf2 Red8 20.Kh1  1/2-1/2

[Event "Biel op"]
[Site "Biel"]
[Date "1989.??.??"]
[Round "4"]
[White "Gallagher, Joseph G"]
[Black "Haugli, Petter"]
[Result "1-0"]
[WhiteElo "2445"]
[BlackElo "2365"]

1.e4 c5 2.Nf3 e6 3.d4 cxd4 4.Nxd4 Nc6 5.Nc3 Qc7 6.f4 a6 7.Nf3 d6 8.Bd3 Nf6
9.O-O Be7 10.a3 O-O 11.Qe1 e5 12.Nd5 Nxd5 13.exd5 Nd4 14.Nxd4 exd4 15.Qe4 f5
16.Qxd4 b5 17.a4 Bf6 18.Qf2 b4 19.Rb1 g6 20.Bd2 Qg7 21.Qf3 a5 22.b3 Bb7 23.Rbe1 Qf7
24.Bc4 Ba6 25.Bxa6 Qa7+ 26.Rf2 Qxa6 27.c4 bxc3 28.Bxc3 Bxc3 29.Qxc3 Qb6 30.Qe3 Rab8
31.Qxb6 Rxb6 32.Rf3 Rfb8 33.Ree3 Rb4 34.Kf2 Rc8 35.g3 Rc5 36.Re7 Rxd5 37.Rfe3 Rd2+
38.Kg1 Rbd4 39.Rc3 Kf8 40.Rxh7  1-0

[Event "Brno zt (Women)"]
[Site "Brno"]
[Date "1989.??.??"]
[Round "2"]
[White "Forgo, Eva"]
[Black "Sziva, Erika"]
[Result "1/2-1/2"]
[WhiteElo "2165"]
[BlackElo "2250"]

1.e4 c5 2.Nf3 e6 3.d4 cxd4 4.Nxd4 Nc6 5.Nc3 Qc7 6.Be2 a6 7.O-O Nf6 8.Kh1 Nxd4
9.Qxd4 Bc5 10.Qd3 h5 11.f4 Ng4 12.Qg3 b5 13.e5 Bb7 14.Bf3 O-O-O 15.a4 b4
16.Nd1 f5 17.Bxb7+ Qxb7 18.Be3 h4 19.Qf3 Bxe3 20.Nxe3 Nxe3 21.Qxe3 h3 22.Qf3 hxg2+
23.Kxg2 Rh4 24.Qxb7+ Kxb7 25.h3 d5 26.exd6 Rxd6 27.Kg3 Rh8 28.Rad1 Rhd8 29.Rxd6 Rxd6
30.Rf2 Kb6  1/2-1/2

[Event "Brno zt (Women)"]
[Site "Brno"]
[Date "1989.??.??"]
[Round "6"]
[White "Ghinda, Eugenia"]
[Black "Genova, Ruzka"]
[Result "1-0"]
[WhiteElo "2200"]
[BlackElo "2210"]

1.e4 c5 2.Nf3 e6 3.Nc3 Nc6 4.d4 cxd4 5.Nxd4 d6 6.Bc4 a6 7.Be3 Nf6 8.Qe2 Qc7
9.O-O-O Be7 10.Rhg1 O-O 11.Bb3 Na5 12.g4 Nxb3+ 13.axb3 b5 14.g5 Nd7 15.Qh5 b4
16.Nf5 exf5 17.Nd5 Qd8 18.exf5 g6 19.Qf3 Ne5 20.Nxe7+ Qxe7 21.Qxa8 Bxf5 22.Qd5 Rc8
23.Rd2 Qc7 24.Kb1 Bxc2+ 25.Ka2 Bf5 26.f4 Be6 27.fxe5 Bxd5 28.Rxd5 dxe5 29.Rgd1 Re8
30.Rd7 Qa5+ 31.Kb1 Kg7 32.R1d5  1-0

[Event "Brno zt (Women)"]
[Site "Brno"]
[Date "1989.??.??"]
[Round "11"]
[White "Klusek, D."]
[Black "Muresan, Margareta"]
[Result "1/2-1/2"]
[WhiteElo "2190"]
[BlackElo "2215"]

1.e4 c5 2.Nf3 e6 3.d4 cxd4 4.Nxd4 Nc6 5.Nc3 Qc7 6.Be3 a6 7.Be2 Nf6 8.O-O d6
9.f4 Be7 10.Kh1 O-O 11.Nb3 b5 12.Bf3 Bb7 13.a3 Rfe8 14.Qe2 Rac8 15.Rad1 Nd7
16.Bg4 Bf8 17.Qf2 b4 18.axb4 Nxb4 19.Nd4 Nf6 20.Bf3 Nc6 21.Nxc6 Bxc6 22.Qg3 Qb7
23.e5 Bxf3 24.Rxf3 dxe5 25.fxe5 Ne4 26.Nxe4 Qxe4 27.c3 Red8 28.Rdf1 Rd7 29.Bd4 g6
30.Qf2 Qb7 31.Qe2 Rb8 32.R3f2 Qb5 33.Qe4 a5 34.h3 a4 35.Ra1 Qc4 36.Qe2 Qb3
37.Qa6 a3 38.bxa3 Rdd8 39.a4 Ra8 40.Qc6 Qd5 41.Qxd5 Rxd5 42.Raf1 Rd7 43.Ra2 Rd5
44.Raf2 Rd7 45.Ra2 Rd5  1/2-1/2

[Event "Brno zt (Women)"]
[Site "Brno"]
[Date "1989.??.??"]
[Round "11"]
[White "Veroci, Zsuzsa"]
[Black "Sziva, Erika"]
[Result "1/2-1/2"]
[WhiteElo "2340"]
[BlackElo "2250"]

1.e4 c5 2.Nf3 e6 3.d4 cxd4 4.Nxd4 Nc6 5.Nc3 Qc7 6.g3 a6 7.Bg2 Nf6 8.O-O Be7
9.Re1 O-O 10.Nxc6 dxc6 11.e5 Rd8 12.Qf3 Nd5 13.h4 Nxc3 14.Qxc3 Bd7 15.Bg5 Be8
16.Be4 Bxg5 17.hxg5 c5 18.Qf3 Rab8 19.Rad1 Rxd1 20.Qxd1 Bc6 21.Bxc6 Qxc6
22.Re2 g6 23.Rd2 Qe4 24.Rd8+ Rxd8 25.Qxd8+ Kg7 26.Qf6+ Kg8  1/2-1/2

[Event "Spring op"]
[Site "Budapest"]
[Date "1989.??.??"]
[Round "?"]
[White "Cladouras, Panagiotis"]
[Black "Szucs, Imre"]
[Result "1-0"]
[WhiteElo "2385"]
[BlackElo "2250"]

1.e4 c5 2.Nf3 Nc6 3.d4 cxd4 4.Nxd4 e6 5.Nc3 a6 6.Nxc6 bxc6 7.Bd3 d5 8.O-O Bb4
9.Qg4 Bxc3 10.bxc3 Nf6 11.Qxg7 Rg8 12.Qh6 dxe4 13.Be2 Rg6 14.Qh4 Qa5 15.Be3 Qxc3
16.Rad1 c5 17.Bh5 Rg8 18.Bxc5 Qxc5 19.Qxf6 Qe7 20.Bxf7+  1-0

[Event "Perenyi mem"]
[Site "Budapest"]
[Date "1989.??.??"]
[Round "?"]
[White "Tolnai, Tibor"]
[Black "Horvath, Jozsef"]
[Result "1/2-1/2"]
[WhiteElo "2480"]
[BlackElo "2510"]

1.e4 c5 2.Nf3 e6 3.d4 cxd4 4.Nxd4 Nc6 5.Nc3 Qc7 6.f4 a6 7.Nxc6 Qxc6 8.Bd3 b5
9.Qe2 Bb7 10.Bd2 Be7 11.a3 Rc8 12.O-O Nf6 13.e5 Nd5 14.Ne4 g6 15.Kh1 O-O
16.Rae1 Rfe8 17.Qf3 f5 18.exf6 Nxf6 19.Qh3 Nxe4 20.Bxe4 Qb6 21.Bc3 Bxe4 22.Rxe4 Rf8
23.Rd1 Qc6 24.Red4 d5 25.Re1 Rf5 26.Rd3 Bf6 27.Qe3 Bxc3 28.Rxc3 Qd7 29.Rxc8+ Qxc8
30.c3 Rf6 31.Qe5 Kg7 32.Qd6 Qf8 33.Qxa6 Qc5 34.Qb7+ Kh6 35.Qb8 Qf2 36.Qe5 Rxf4
37.h3 Re4 38.Rxe4 dxe4 39.Qxe4 Qxb2 40.Qh4+ Kg7 41.Qe7+ Kh6 42.Qh4+  1/2-1/2

[Event "Perenyi mem-B"]
[Site "Budapest"]
[Date "1989.??.??"]
[Round "?"]
[White "Feher, Gyula"]
[Black "Horvath, Csaba"]
[Result "1/2-1/2"]
[WhiteElo "2410"]
[BlackElo "2445"]

1.e4 c5 2.Nf3 e6 3.d4 cxd4 4.Nxd4 Nc6 5.Nc3 Qc7 6.Be2 a6 7.O-O Nf6 8.Kh1 Nxd4
9.Qxd4 Bc5 10.Qd3 h5 11.f4 Ng4 12.e5 d6 13.exd6 Bxd6 14.Ne4 Be7 15.h3 f5
16.hxg4 hxg4+ 17.Kg1 fxe4 18.Qxe4 Qc5+ 19.Be3 Qh5 20.Bd3 Kf7 21.Kf2 Rb8 22.Ke2 Bd7
23.Rh1 Bc6 24.Rxh5  1/2-1/2

[Event "Noviki-A"]
[Site "Budapest"]
[Date "1989.??.??"]
[Round "?"]
[White "Tolnai, Tibor"]
[Black "Van Mil, Johannes A J"]
[Result "1-0"]
[WhiteElo "2480"]
[BlackElo "2370"]

1.e4 c5 2.Nf3 e6 3.d4 cxd4 4.Nxd4 Nc6 5.Nc3 a6 6.f4 Nge7 7.Be3 Nxd4 8.Qxd4 b5
9.O-O-O Nc6 10.Qd2 Bb4 11.a3 Be7 12.Qf2 Rb8 13.Bc5 b4 14.axb4 Nxb4 15.Bxe7 Qxe7
16.Qd4 f6 17.Bc4 Nc6 18.Qd6 Rb4 19.b3 Nd8 20.Qc7 Bb7 21.Na2 Bc6 22.Nxb4 Qxb4
23.Rhe1 O-O 24.Qd6 Qb7 25.f5 Re8 26.fxe6 dxe6 27.Qa3 Bxe4 28.g3 Bf5 29.Qxa6 Qc7
30.Qb5 Kf8 31.Rd7 Qc6 32.Red1 Qa8 33.Qc5+ Kg8 34.Qxf5 Qa3+ 35.Kb1  1-0

[Event "Noviki-A"]
[Site "Budapest"]
[Date "1989.??.??"]
[Round "?"]
[White "Brunner, Lucas"]
[Black "Horvath, Jozsef"]
[Result "1/2-1/2"]
[WhiteElo "2425"]
[BlackElo "2510"]

1.e4 c5 2.Nf3 e6 3.d4 cxd4 4.Nxd4 Nc6 5.Nc3 Qc7 6.g3 a6 7.Bg2 Nf6 8.O-O d6
9.Re1 Rb8 10.Nxc6 bxc6 11.e5 dxe5 12.Rxe5 Qxe5 13.Bf4 Qc5 14.Bxb8 Be7 15.Qe2 O-O
16.Be5 Rd8 17.Rd1 Rxd1+ 18.Nxd1 Qb5 19.c4 Qb6 20.b3 Nd7 21.Bb2 Qc7 22.Bc3 c5
23.Qe4 Bf6 24.Qc6 Qxc6 25.Bxc6 Ne5 26.Be4 Kf8 27.f4  1/2-1/2

[Event "Noviki-A"]
[Site "Budapest"]
[Date "1989.??.??"]
[Round "?"]
[White "Horvath, Jozsef"]
[Black "Van Mil, Johannes A J"]
[Result "1-0"]
[WhiteElo "2510"]
[BlackElo "2370"]

1.e4 c5 2.Nf3 e6 3.d4 cxd4 4.Nxd4 Nc6 5.Nc3 a6 6.Nxc6 bxc6 7.Bd3 d5 8.O-O Nf6
9.Re1 Be7 10.e5 Nd7 11.Qg4 Kf8 12.Bd2 h5 13.Qf3 Kg8 14.Na4 Bg5 15.Qe2 Bxd2
16.Qxd2 g6 17.Rac1 Kg7 18.Qe3 Qa5 19.b3 c5 20.c4 d4 21.Qg5 Qd8 22.Qxd8 Rxd8
23.b4 Ra7 24.bxc5 Rc7 25.c6 Nb8 26.Rb1 Nxc6 27.Rb6 a5 28.a3 Bd7 29.Nc5 Be8
30.Nb7 Rb8 31.Nd6 Bd7 32.c5 Rf8 33.Nb5 Rcc8 34.Rb7 Rfd8 35.Nd6 Rb8 36.Rb6 a4
37.Bb5 Rxb6 38.cxb6 Na5 39.Bxd7 Rxd7 40.Rd1 Nc6 41.b7 Rd8 42.f4 g5 43.fxg5 Kg6
44.h4 Nxe5 45.Rxd4 Nc6 46.Nxf7 Rxd4 47.Ne5+ Nxe5 48.b8=Q Re4 49.Qb1 Kf5 50.Kf2 Kf4
51.g3+ Kf5 52.Kg2 Ng4 53.Kf3 Ne5+ 54.Kg2 Ng4 55.g6 Nf6 56.g7 Ke5 57.Qb8+  1-0

[Event "Buenos Aires BCA op"]
[Site "Buenos Aires"]
[Date "1989.??.??"]
[Round "4"]
[White "Rosito, Jorge"]
[Black "Mahia, Gustavo"]
[Result "1-0"]
[WhiteElo "2250"]
[BlackElo "2335"]

1.e4 c5 2.Nf3 Nc6 3.d4 cxd4 4.Nxd4 e6 5.Nc3 a6 6.Be2 Qc7 7.O-O Nf6 8.a4 Bb4
9.Qd3 Nxd4 10.Qxd4 Bc5 11.Qd3 b6 12.Kh1 Bb7 13.f4 d6 14.Bf3 O-O 15.e5 dxe5
16.Bxb7 Qxb7 17.fxe5 Nd7 18.Bf4 Rad8 19.Rad1 Be7 20.Qg3 Kh8 21.Bg5 f6 22.exf6 gxf6
23.Bf4 Rg8 24.Qf3 Qxf3 25.Rxf3 Nc5 26.Rff1 Rxd1 27.Rxd1 Rd8 28.Rxd8+ Bxd8
29.Kg1 h5 30.Kf2 Kg7 31.Kf3 Kf7 32.b3 f5 33.Be5 Nd7 34.Bd4 e5 35.Bf2 Ke6
36.Ke3 Bg5+ 37.Ke2 Bf6 38.Kd2 Be7 39.Ke2 Bb4 40.Be1 Nf6 41.Bd2 Bd6 42.Be3 Bc7
43.Bg5 Nd7 44.Ke3 Bd6 45.Bd8 Bb4 46.Ne2 Bc5+ 47.Kf3 Kf7 48.Bc7 Kg6 49.Nc3 e4+
50.Kg3 Nf6 51.Ne2 Nd5 52.Nf4+ Nxf4 53.Kxf4 Bg1 54.h4 Bf2 55.g3 Kf6 56.a5 b5
57.Be5+ Ke6 58.Bc3 Kd5 59.Bd2 Kc5 60.Bc3  1-0

[Event "Canada zt"]
[Site "Canada"]
[Date "1989.??.??"]
[Round "?"]
[White "Hartman, Brian"]
[Black "Stone, Raymond"]
[Result "1-0"]
[WhiteElo "2345"]
[BlackElo "2345"]

1.e4 c5 2.Nf3 e6 3.d4 cxd4 4.Nxd4 Nc6 5.Nc3 Qc7 6.Be2 a6 7.Be3 Nf6 8.O-O Bb4
9.Nxc6 bxc6 10.Qd4 c5 11.Qc4 Bb7 12.f3 O-O 13.a3 d5 14.exd5 Bxc3 15.d6 Qxd6
16.Qxc3 Nd5 17.Qd2 Qb6 18.b4 Nxe3 19.Qxe3 Rac8 20.Rab1 Ba8 21.Rfd1 Qc6 22.b5 axb5
23.Bxb5 Qc7 24.Rd7 Qa5 25.h3 Rc7 26.Rd6 Bb7 27.a4 h6 28.Rbd1 Qb4 29.Qe5 Rcc8
30.c4 Qa5 31.Qe1 Qxe1+ 32.Rxe1 Ra8 33.Rb6 Ra7 34.Rd1 Ba8 35.Kf2 Rc8 36.Ba6 Rcc7
37.Rd8+ Kh7 38.Ke3 Bc6 39.Bb5 Bxb5 40.axb5 Ra3+ 41.Rd3 Ra8 42.Ra6 Rxa6 43.bxa6 Ra7
44.Rd6 g5 45.Ke4  1-0

[Event "Cannes op"]
[Site "Cannes"]
[Date "1989.??.??"]
[Round "?"]
[White "Palac, Mladen"]
[Black "Semkov, Semko"]
[Result "0-1"]
[WhiteElo "2350"]
[BlackElo "2460"]

1.e4 c5 2.Nf3 e6 3.d4 cxd4 4.Nxd4 Nc6 5.Nc3 Qc7 6.Be2 a6 7.O-O Nf6 8.Be3 Be7
9.f4 d6 10.a4 O-O 11.Kh1 Bd7 12.Nb3 b6 13.g4 d5 14.e5 Ne4 15.Nxe4 dxe4 16.c3 Rfd8
17.Nd2 Be8 18.b4 g5 19.Qe1 Nxb4 20.cxb4 Bxb4 21.Ra2 gxf4 22.Bxf4 e3 23.Bxe3 Qxe5
24.Bf3 Rac8 25.Qe2 b5 26.a5 f5 27.gxf5 exf5 28.Bg5 Qxe2 29.Bxe2 Bf7 30.Rb2 Rd4
31.Rg1 Kf8 32.Be3 Bxd2 33.Bxd2 Bd5+ 34.Rg2 Re8 35.Bh6+ Kf7 36.Bh5+ Kf6 37.Bg5+ Kg7
38.Be3+ Bxg2+ 39.Kxg2 Rxe3  0-1

[Event "Cannes op"]
[Site "Cannes"]
[Date "1989.??.??"]
[Round "?"]
[White "Casa, Alex"]
[Black "Wilder, Michael"]
[Result "0-1"]
[WhiteElo "2215"]
[BlackElo "2540"]

1.e4 c5 2.Nf3 Nc6 3.d4 cxd4 4.Nxd4 e6 5.Nc3 Qc7 6.Be3 a6 7.g3 d6 8.Bg2 Bd7
9.Nb3 Nf6 10.f4 Rc8 11.O-O Be7 12.a3 b5 13.Qe2 h5 14.h3 Kf8 15.Rfd1 Rb8 16.Rd2 Kg8
17.Rad1 Be8 18.Bf2 Nd7 19.Nd5 exd5 20.exd5 Nce5 21.fxe5 Nxe5 22.Qe4 Bd7 23.Nd4 Re8
24.Re2 Qc8 25.Kh2 Bg5 26.c3 Ng4+ 27.hxg4 Rxe4 28.Rxe4 Bxg4 29.Rde1 Kh7 30.Nc6 Qf5
31.Kg1 Rf8 32.Nd4 Qd7 33.Nc6 Bf5 34.Rd4 Re8 35.Rdd1 Rxe1+ 36.Rxe1 Bg6 37.Kh2 Qf5
38.Kg1 Qc2 39.Nb4 Qxb2 40.Nxa6 Qxc3 41.Re8 Qxa3 42.Nb8 Qc1+ 43.Re1 Qc8 44.Nc6 Qg4  0-1

[Event "Caorle op"]
[Site "Caorle"]
[Date "1989.??.??"]
[Round "2"]
[White "Forgacs, Gyula"]
[Black "Taimanov, Mark E"]
[Result "1/2-1/2"]
[WhiteElo "2340"]
[BlackElo "2480"]

1.e4 c5 2.Nf3 e6 3.d4 cxd4 4.Nxd4 Nc6 5.Nc3 a6 6.Nxc6 bxc6 7.Bd3 d5 8.O-O Nf6
9.f4 Be7 10.Kh1 O-O 11.e5 Nd7 12.Bxh7+ Kxh7 13.Qh5+ Kg8 14.Rf3 f5 15.Rh3 Nc5
16.Qg6  1/2-1/2

[Event "Caorle op"]
[Site "Caorle"]
[Date "1989.??.??"]
[Round "3"]
[White "Gajic, Zoran"]
[Black "Spasojevic, Zoran"]
[Result "1/2-1/2"]
[WhiteElo "2290"]
[BlackElo "2285"]

1.e4 c5 2.Nf3 e6 3.d4 cxd4 4.Nxd4 Nc6 5.Nc3 Qc7 6.g3 a6 7.Bg2 Nf6 8.O-O Be7
9.Re1 Nxd4 10.Qxd4 Bc5 11.Qd1 d6 12.Na4 Ba7 13.b3 Bd7 14.Nb2 O-O 15.c4 e5
16.Be3 Bxe3 17.Rxe3 b5 18.Rc1 Rac8 19.Qd2 Rfd8 20.Rec3 Qb6 21.cxb5 axb5 22.Rxc8 Rxc8
23.Rxc8+ Bxc8 24.Qb4 Qc6 25.Bf1 Nxe4 26.Qxb5 Qxb5 27.Bxb5 Nc3 28.a4 Kf8 29.Bc6 Ke7
30.b4 Bd7 31.Bxd7 Kxd7 32.Kf1 Kc6 33.Ke1 Nd5 34.b5+ Kc5 35.Kd2 e4 36.Ke2 f5
37.f3 Kd4 38.fxe4 fxe4 39.Kd2 Kc5 40.Kc2 Kb4 41.h3 h5 42.Kd2 Kc5 43.Nd1 Nf6
44.Ne3 d5 45.Nf5 g6 46.Ne7 g5 47.Nc8 Nd7 48.Ne7 Nb6 49.h4 gxh4 50.gxh4 Nxa4
51.Nf5 Kxb5 52.Ng3 Kc4 53.Nxh5 Nc3 54.Ng3 d4 55.Nf5 Nb1+ 56.Ke1 Nc3 57.h5 Nd5
58.h6 Nf6 59.Kd2 Kd5 60.Ne7+ Kd6 61.Ng6 Nh7 62.Nf4 Ke5 63.Ne2 Ng5 64.Nc1 Kf4
65.Nb3 Ke5 66.Ke2 Nh7 67.Kd2 Nf6 68.Nc5 Kd5 69.Nd7 Nh7 70.Nb6+ Kc6 71.Nc8 Kc5
72.Ke2 Nf6 73.Ne7 Kc4 74.Kd2 Nh7 75.Nf5 Ng5 76.Nd6+ Kd5 77.Nb5 Ke5 78.Ke2 Nh7
79.Kd2 Nf6 80.Ke2 d3+ 81.Kd2 Kf4 82.Nc3 Kf3 83.Nd1 Nh7 84.Ne3 Ng5 85.Nd5 Kf2
86.Nf4 Nf3+ 87.Kd1  1/2-1/2

[Event "Cappelle op"]
[Site "Cappelle"]
[Date "1989.??.??"]
[Round "?"]
[White "Boudre, Jean Pierre"]
[Black "Harasta, Vladimir"]
[Result "0-1"]
[WhiteElo "2380"]
[BlackElo "2200"]

1.e4 c5 2.Nf3 e6 3.d4 cxd4 4.Nxd4 Nc6 5.Nc3 d6 6.g3 Nf6 7.Bg2 Bd7 8.O-O Be7
9.Ndb5 Qb8 10.Bg5 a6 11.Bxf6 gxf6 12.Nd4 h5 13.Nde2 h4 14.Nf4 Qa7 15.a4 hxg3
16.hxg3 O-O-O 17.Nd3 Rdg8 18.Ne2 Nd4 19.Nxd4 Qxd4 20.Qf3 f5 21.exf5 Bc6 22.Qf4 Bxg2
23.Qxd4 Bf3  0-1

[Event "US op"]
[Site "Chicago"]
[Date "1989.??.??"]
[Round "7"]
[White "Gruchacz, Robert"]
[Black "Gilruth, Peter"]
[Result "1/2-1/2"]
[WhiteElo "2325"]
[BlackElo "2205"]

1.e4 c5 2.Ne2 Nc6 3.d4 cxd4 4.Nxd4 e6 5.Nc3 Qc7 6.Be2 a6 7.O-O b5 8.Nxc6 dxc6
9.f4 Nf6 10.e5 Nd5 11.Nxd5 cxd5 12.Bd3 g6 13.Bd2 Bb7 14.Kh1 Qc6 15.Qe2 Be7
16.Rf3  1/2-1/2

[Event "Clermont Ferrand"]
[Site "Clermont Ferrand"]
[Date "1989.??.??"]
[Round "?"]
[White "Ehlvest, Jaan"]
[Black "Ribli, Zoltan"]
[Result "1/2-1/2"]
[WhiteElo "2620"]
[BlackElo "2605"]

1.e4 c5 2.Nf3 e6 3.d4 cxd4 4.Nxd4 Nc6 5.Nc3 Qc7 6.Be2 a6 7.O-O Nf6 8.Be3 Bb4
9.Na4 O-O 10.Nxc6 bxc6 11.f4 Be7 12.Bb6 Qb8 13.e5 Nd5 14.Bd4 d6 15.Bd3 g6  1/2-1/2

[Event "Copenhagen Obro op"]
[Site "Copenhagen"]
[Date "1989.??.??"]
[Round "1"]
[White "Tiberkov, Ivan"]
[Black "Jasnikowski, Zbigniew"]
[Result "0-1"]
[WhiteElo "2295"]
[BlackElo "2435"]

1.e4 c5 2.Nf3 e6 3.d4 cxd4 4.Nxd4 Nc6 5.Nc3 d6 6.Be2 Nf6 7.O-O Be7 8.Kh1 O-O
9.f4 Bd7 10.Ndb5 Be8 11.a4 a6 12.Nd4 Nxd4 13.Qxd4 Bc6 14.Be3 Qa5 15.Bf3 Nd7
16.Qd2 Qc7 17.a5 b5 18.axb6 Nxb6 19.b3 Qb7 20.Bd4 Nd7 21.Rae1 Rfe8 22.e5 dxe5
23.fxe5 Bb4 24.Qf4 Bxf3 25.Rxf3 Nf8 26.Ref1 Rad8 27.Qe3 Bxc3 28.Bxc3 Rd7
29.Rf4 Red8 30.Ba5 Rc8 31.c4 Ng6 32.Re4 Rb8 33.b4 Ne7 34.Rg4 Nf5 35.Qe2 h5
36.Rgf4 g6 37.Qf2 Rc8 38.h4 Rd3 39.Kh2 Ne3 40.Qe2 Nxf1+ 41.Qxf1 Re3  0-1

[Event "Copenhagen Obro op"]
[Site "Copenhagen"]
[Date "1989.??.??"]
[Round "5"]
[White "Nizynski, Maciej"]
[Black "Jasnikowski, Zbigniew"]
[Result "1/2-1/2"]
[WhiteElo "2270"]
[BlackElo "2435"]

1.e4 c5 2.Nf3 e6 3.d4 cxd4 4.Nxd4 Nc6 5.Nc3 d6 6.Be3 Nf6 7.Bc4 Be7 8.Qe2 a6
9.O-O-O Qc7 10.Bb3 O-O 11.g4 Nd7 12.g5 Nc5  1/2-1/2

[Event "Copenhagen Obro op"]
[Site "Copenhagen"]
[Date "1989.??.??"]
[Round "7"]
[White "Poulsen, Allan"]
[Black "Kruszynski, Wlodzimierz"]
[Result "1/2-1/2"]
[WhiteElo "2310"]
[BlackElo "2345"]

1.e4 c5 2.Nf3 e6 3.d4 cxd4 4.Nxd4 Nc6 5.Nc3 a6 6.Nxc6 bxc6 7.Bd3 d6 8.O-O Nf6
9.f4 Qc7 10.Qe1 Nd7 11.Na4 Be7 12.c4 c5 13.Bd2 Bb7 14.Bc2 Bf6 15.Bc3 O-O
16.Rd1 Rad8 17.Ba5 Qc6 18.Bxd8 Rxd8 19.Nc3 Bd4+ 20.Kh1 Nf6 21.Qh4 Rb8 22.Rd2 Bxc3
23.bxc3 Nxe4 24.Bxe4 Qxe4 25.Qe7 Qxc4 26.Rfd1 Bd5 27.Qxd6 Rf8 28.Qe5 f6 29.Qe3 Rb8
30.f5 Qg4 31.Qg3 Qxg3 32.hxg3 Kf7 33.fxe6+ Bxe6 34.Re1 Rb6 35.Re4 Rb1+ 36.Kh2 Rc1
37.Ra4 Rxc3 38.Rxa6 c4 39.Rb2 Bd5 40.Rb5 Be4 41.Ra7+ Kg6 42.Re7 Bf5 43.Rbb7 Rc2
44.Rxg7+ Kh6 45.Rgf7  1/2-1/2

[Event "Copenhagen op"]
[Site "Copenhagen"]
[Date "1989.??.??"]
[Round "9"]
[White "Ciric, Dragoljub M"]
[Black "Auchenberg, Per"]
[Result "1-0"]
[WhiteElo "2390"]
[BlackElo "2245"]

1.e4 c5 2.Nf3 Nc6 3.Nc3 e6 4.d4 cxd4 5.Nxd4 Qc7 6.g3 a6 7.Bg2 Nf6 8.O-O Be7
9.Nce2 O-O 10.c4 Nxd4 11.Qxd4 d6 12.b3 b6 13.Ba3 Bb7 14.Rfd1 Rfd8 15.Rac1 Bc6
16.Qe3 Rac8 17.Nd4 Ba8 18.f3 Bf8 19.g4 Qb8 20.Bh3 Nd7 21.g5 Re8 22.Bb2 Qb7
23.Ne2 b5 24.cxb5 axb5 25.Kh1 Qa6 26.Rxc8 Rxc8 27.Nd4 Qxa2 28.Qe2 Qa7 29.g6 hxg6
30.Nxe6 fxe6 31.Bxe6+ Kh7 32.Qg2 Rc5 33.Rg1 g5 34.Qh3+ Kg6 35.Bxd7 Rc2 36.Be8+  1-0

[Event "Dortmund-A"]
[Site "Dortmund"]
[Date "1989.??.??"]
[Round "?"]
[White "Geller, Efim P"]
[Black "Bischoff, Klaus"]
[Result "1/2-1/2"]
[WhiteElo "2480"]
[BlackElo "2505"]

1.e4 c5 2.Nf3 e6 3.d4 cxd4 4.Nxd4 Nc6 5.Nc3 Qc7 6.Be2 a6 7.Be3 Nxd4 8.Bxd4 b5
9.O-O Bb7 10.Bf3 e5 11.Nd5 Qd6 12.Bc3 Nf6 13.a4 Nxd5 14.exd5 f6 15.axb5 axb5
16.Rxa8+ Bxa8 17.Qd3 b4 18.Ra1 Qb8 19.Be1 Bd6 20.Be4 g6 21.Bxg6+ hxg6 22.Qxg6+ Kd8
23.Qxf6+ Kc7 24.Ra6 Bc5 25.c4  1/2-1/2

[Event "Dortmund op"]
[Site "Dortmund"]
[Date "1989.??.??"]
[Round "9"]
[White "Sziva, Erika"]
[Black "Kirov, Nino"]
[Result "1-0"]
[WhiteElo "2265"]
[BlackElo "2470"]

1.e4 c5 2.Nf3 e6 3.d4 cxd4 4.Nxd4 Nc6 5.Nc3 a6 6.Be3 Qc7 7.Be2 Nf6 8.O-O Bb4
9.Bd3 Ne5 10.Nce2 d5 11.exd5 Nxd5 12.Bg5 Nxd3 13.Qxd3 Bd6 14.h3 O-O 15.a3 b5
16.Rac1 Nb6 17.Rfd1 Nc4 18.Nf3 Bb7 19.b3 Bxf3 20.Qxf3 Nxa3 21.Rd3 b4 22.c4 Be7
23.Bf4 e5 24.Bh2 Rad8 25.Nd4 Bd6 26.Nf5 e4 27.Bxd6 exf3 28.Bxc7 Rxd3 29.Bd6 Rxb3
30.Ne7+ Kh8 31.Ng6+ fxg6 32.Bxf8 Kg8 33.Bd6 Kf7 34.c5 Nb5 35.Be5 Ke6 36.Bxg7 Nc3
37.Re1+ Kd7 38.gxf3 a5 39.Kg2 a4 40.Bf8 a3 41.Re7+ Kc6 42.Re6+ Kc7 43.Re7+ Kb8
44.c6 a2 45.Rb7+ Ka8 46.Bd6 Na4 47.Rb5 Ka7 48.Ra5+ Kb6 49.Rxa4 Kxc6 50.Be5 Kd5
51.Bg7 Ra3 52.Rxa3 bxa3 53.Kf1 Kc4 54.Ke2 Kd5 55.Kd3 Kc5 56.Ba1 Kd5 57.f4 Kc5
58.f3 Kb4 59.h4 Kc5 60.Kc3 Kd5 61.Kb3 Kc5 62.Kxa3 Kc4 63.Kxa2 Kd3 64.Bf6 Ke3
65.Bg5 Kxf3 66.h5  1-0

[Event "Eger op"]
[Site "Eger"]
[Date "1989.??.??"]
[Round "?"]
[White "Kuporosov, Viktor"]
[Black "Fogarasi, Tibor"]
[Result "1-0"]
[WhiteElo "2445"]
[BlackElo "2395"]

1.e4 c5 2.Nf3 e6 3.d4 cxd4 4.Nxd4 Nc6 5.Nc3 Qc7 6.Be2 a6 7.O-O Nf6 8.a4 Bb4
9.Bg5 Bxc3 10.Bxf6 gxf6 11.bxc3 Na5 12.Qd3 d6 13.Nb3 Ke7 14.Rad1 Rd8 15.e5 fxe5
16.Qxh7 Rf8 17.Qh4+ f6 18.Rd3 Qc4 19.Qh7+ Rf7 20.Nxa5 Qxa4 21.Qh6 e4 22.Rg3  1-0

[Event "Eger op"]
[Site "Eger"]
[Date "1989.??.??"]
[Round "?"]
[White "Kuporosov, Viktor"]
[Black "Szabolcsi, Janos"]
[Result "1/2-1/2"]
[WhiteElo "2445"]
[BlackElo "2450"]

1.e4 c5 2.Nf3 e6 3.d4 cxd4 4.Nxd4 Nc6 5.Nc3 Qc7 6.Be2 a6 7.f4 Nxd4 8.Qxd4 b5
9.Be3 Bb7 10.a3 Rc8 11.Bf3 Ne7 12.O-O-O d5 13.Kb1 dxe4 14.Bxe4 Bxe4 15.Qxe4 Nf5
16.Rhe1  1/2-1/2

[Event "Eindhoven"]
[Site "Eindhoven"]
[Date "1989.??.??"]
[Round "?"]
[White "Van Wely, Loek"]
[Black "De Boer, Gert Jan"]
[Result "0-1"]
[WhiteElo "2295"]
[BlackElo "2385"]

1.e4 c5 2.Ne2 Nc6 3.Nbc3 e6 4.d4 cxd4 5.Nxd4 a6 6.Be3 Qc7 7.Qd2 b5 8.O-O-O Nxd4
9.Bxd4 Ne7 10.Qe3 Rb8 11.Kb1 d6 12.f4 Nc6 13.g4 Nxd4 14.Qxd4 Qb6 15.Qd3 Be7
16.g5 h6 17.g6 O-O 18.f5 b4 19.Ne2 fxg6 20.Nf4 gxf5 21.Ng6 Re8 22.Qg3 fxe4
23.Bh3 d5 24.Rhg1 Rb7 25.Ne5 Bg5 26.Qg4 Qc7 27.Qh5 Rf8 28.Ng6 Rf2 29.Rc1 Bxc1
30.Rxc1 Qf7 31.Qh4 Qf6 32.Qh5 Qg5  0-1